000 00485nam a2200181Ia 4500
001 24427
005 20260414151042.0
008 260414t2015||||xx |||||||||||||| ||spa||
041 _aESP
082 _a345.7
_bL36 T. 1
100 _aLedesma Narváez, Marianella
_eAUT
245 0 _aComentarios al código procesal civil :
_banálisis artículo por artículo
260 _c2015
300 _a822 páginas :
_c25 cm.
650 _aDER
654 _aCDE
942 _cLIB
_dJUS
_fJUS
_2ddc
_n
999 _c24427
_d24427